000 00863nam a2200277 i 4500
999 _c232707
_d232707
001 2278781
003 Nust
005 20170222162416.0
008 790326s1978 ii a 000 0 eng
010 _a 78906121
020 _cRs45.00
040 _aDLC
_cDLC
_dDLC
043 _aa-ii---
050 0 0 _aHD82
_b.J49 1978
082 0 0 _a330.9/172/4
100 1 _aJhingan, M. L.
245 1 4 _aThe economics of development and planning :
_cM. L. Jhingan.
250 _a25th rev. ed.
260 _aNew Delhi :
_bVikas,
_c1978.
300 _axii, 624 p. :
_bdiagrs. ;
_c25 cm.
500 _aBibliobgraphy: p. [600]-603.
650 0 _aEconomic development.
650 0 _aEconomic policy.
651 0 _aIndia
_xEconomic policy.
906 _a7
_bcbc
_corignew
_d4
_encip
_f19
_gy-gencatlg
942 _2ddc
_cBK